000 01296nam a22002537a 4500
005 20231222182651.0
008 231002b |||||||| |||| 00| 0 eng d
020 _a8430538313
037 _3Donación
040 _aCO-JMCR
_cCO-JMCR
_dCO-JMCR
_erda
082 _223
_a220.95
_bB25
100 _aBarnes, Trevor
_eNarrador
_943104
245 _aHistorias de la Biblia /
_cTrevor Barnes; traducida por Pilar Tutor
246 _aThe kingfisher children´s bible
260 _aMadrid:
_bSusaeta
300 _a255 páginas
_bIlustraciones a color
_c28 cm
520 _aAdemás de una fuente de inspiración y enseñanzas, la biblia es un tesoro que encierra las historias mas maravillosas que han cautivado a los hombres desde hace miles de años. Esta cuidadosa edición adaptada, con unas excepcionales ilustraciones, incluye todos los episodios relevantes del antiguo y el nuevo testamento así como un apartado dedicado a la época, los personajes y los escenarios de la biblia. Un libro imprescindible con el que podría disfrutar toda la familia.
521 _aInfantil
650 _2JMCR
_aHistorias de la biblia
_95659
650 _2JMCR
_aBiblia para niños
_943105
650 _2JMCR
_aBiblia ilustrada
_xinfantil
_943106
700 _aTutor, Pilar
_943107
942 _2ddc
_cBK
999 _c30270
_d16654